Представление документа в формате MARC21

Поле Инд. ПП Название Значение
Тип записи a
Библиографический уровень m
001 Контрольный номер RU/IS/BASE/330625139
005 Дата корректировки 20141114162134.8
040 a Служба первич. каталог. НБ ТвГУ
b Код языка каталог. rus
e Правила каталог. PSBO
041 0_ a Код языка текста rus
080 a Индекс УДК 316.75(043.3)
084 a Индекс другой классификации/Индекс ББК С033.3я031
090 a Полочн. индекс С033.3
x Авторский знак Ф 30
100 1_ a Автор Фащенко Алина Николаевна
q Полное имя Фащенко А Н.
245 10 a Заглавие Ценностные основания мира личности в обществе знания (социально-философский анализ)
b Продолж. заглавия дис. ... канд. филос. наук : 09.00.11
c Ответственность Твер. гос. ун-т
260 a Место издания Тверь
c Дата издания 2010
300 a Объем 182 с.
502 a Примечание о диссертации Дис. (канд.) - Тверской государственный университет, 2010
504 a Библиография Библиогр.: с. 171-182 (218 назв.) и в подстроч. примеч.
653 a Ключевые слова Диссертации
a Ключевые слова Иерархия ценностей
a Ключевые слова Информационное общество
a Ключевые слова Культурные коммуникции
a Ключевые слова Общество знаний
a Ключевые слова Современное общество
a Ключевые слова Социальная философия
a Ключевые слова Философия
a Ключевые слова Ценности
a Ключевые слова Труды Тверского государственного университета
710 a Организация/ юрисдикция Тверской государственный университет
920 a Оператор Густ
930 a Новая/Ретро диссертации
952 c Вид литературы Дис н
954 a Дата поступления на обработку 20100625